000 00912cam a2200289 a 4500
008
020 _a1292164395 (paperback )
049 _aMAIN
090 _aH61
_bLUN
100 1 _aLune, Howard.
245 1 0 _aQualitative research methods for the social sciences /
_c Howard Lune and Bruce L. Berg .
250 _aNinth edition
260 _aHarlow :
_bPearson Education Limited ,
_c2017.
300 _a432 pages :
_billustrations ;
_c27 cm.
336 _atext
_btxt
_2rdacontent
337 _aunmediated
_bn
_2rdamedia
338 _avolume
_bnc
_2rdacarrier
504 _aIncludes bibliographical references.
500 _aIncludes index.
650 0 _aSocial sciences
_xResearch
_xMethodology.
700 1 _aBerg, Bruce L.
907 _a.b10385435
_b21-08-19
_c04-10-17
003
005 20230123122313.0
040 _cNUST
942 _cBOOKS
_kH61
_mLUN
999 _c131321
_d131321